00457nam a22001457a 4500020001600000082001400016100003200030245004900062260003900111300000800150650002300158942000700181952010600188999001700294 a812460515-7 a294.5 PRA aPrasad, Swami Muni Narayana aShorter Philosophical Poems of Narayana Guru aNew DelhibD. K. Printworld c2010 a320 aAdvaita Philosophy cBK 00104070aHMIbHMIcGENd2017-04-25l3m2o294.5 PRAp25221r2019-12-11s2019-10-15w2017-06-07yBK c20454d20454